| 000 | 00447nam a2200181Ia 4500 | ||
|---|---|---|---|
| 003 | 0100 | ||
| 008 | 130303s9999 xx 000 0 und d | ||
| 040 | _cARRUPELIB | ||
| 050 | _aBC177.M5 1966 | ||
| 245 | _aPerspectives on argumentation | ||
| 260 | _aChicago | ||
| 260 | _bScott, Foresman and Company | ||
| 260 | _C1966 | ||
| 300 | _a206p. | ||
| 300 | _b 23 cm. | ||
| 700 | _aMiller, Gerald R ; Nilsen, Thomas R. (ed.) | ||
| 942 |
_2lcc _01 |
||
| 999 |
_c59298 _d59298 |
||